|
|
|
|
| LEADER |
01796nam a2200433 i 4500 |
| 001 |
EBC4466346 |
| 003 |
MiAaPQ |
| 005 |
20200123201341.0 |
| 006 |
m o d | |
| 007 |
cr cnu|||||||| |
| 008 |
200123s2016 be o 000 0 fre d |
| 020 |
|
|
|z 9782804475987
|
| 020 |
|
|
|a 9782804487522
|q (electronic bk.)
|
| 035 |
|
|
|a (MiAaPQ)EBC4466346
|
| 035 |
|
|
|a (Au-PeEL)EBL4466346
|
| 035 |
|
|
|a (CaPaEBR)ebr11190752
|
| 035 |
|
|
|a (OCoLC)946263385
|
| 040 |
|
|
|a MiAaPQ
|b eng
|e rda
|e pn
|c MiAaPQ
|d MiAaPQ
|
| 050 |
|
4 |
|a K736
|b .P763 2016
|
| 082 |
0 |
|
|a 332.63247
|2 23
|
| 100 |
1 |
|
|a Proces, Michel,
|e author.
|
| 245 |
1 |
0 |
|a Guide pratique des regles de l'art :
|b Contraintes et signes de qualite dans la construction /
|c Michel Proces, Olivier Haenecour, Thierry Loth.
|
| 264 |
|
1 |
|a Bruxelles :
|b Larcier,
|c [2016]
|
| 264 |
|
4 |
|c 2016
|
| 300 |
|
|
|a 1 online resource (381 pages).
|
| 336 |
|
|
|a text
|b txt
|2 rdacontent
|
| 337 |
|
|
|a computer
|b c
|2 rdamedia
|
| 338 |
|
|
|a online resource
|b cr
|2 rdacarrier
|
| 490 |
0 |
|
|a Droit immobilier
|
| 588 |
|
|
|a Description based on print version record.
|
| 590 |
|
|
|a Electronic reproduction. Ann Arbor, MI : ProQuest, 2018. Available via World Wide Web. Access may be limited to ProQuest affiliated libraries.
|
| 650 |
|
0 |
|a Real property.
|
| 650 |
|
0 |
|a Real estate business
|x Law and legislation.
|
| 655 |
|
4 |
|a Electronic books.
|
| 700 |
1 |
|
|a Haenecour, Olivier,
|e author.
|
| 700 |
1 |
|
|a Loth, Thierry,
|e author.
|
| 776 |
0 |
8 |
|i Print version:
|a Proces, Michel.
|t Guide pratique des regles de l'art : Contraintes et signes de qualite dans la construction.
|d Bruxelles : Larcier, c2016
|h 381 pages
|k Droit immobilier
|z 9782804475987
|
| 797 |
2 |
|
|a ProQuest (Firm)
|
| 856 |
4 |
0 |
|u https://ebookcentral.proquest.com/lib/matrademy/detail.action?docID=4466346
|z Click to View
|